Globalisation - challenges, rewards, question

Pozitíva a problémy globalizácie. Globalizácia prispieva k rastu vzájomnej prepojenosti národných ekonomík a ekonomických činností v oblasti obchodu, investícií a financií. Globalizácia je hnacou silou ekonomického rastu, podporuje rozvoj nových technológií a rast životnej úrovne v chudobných aj v b...

Full description

Saved in:
Bibliographic Details
Main Author: Jeníček, Vladimír
Format: Book Chapter
Language:English
Subjects:
Tags: Add Tag
No Tags, Be the first to tag this record!

MARC

LEADER 00000naa a2200000 4500
001 0157859
005 20231211070242.9
041 0 |a eng 
044 |a CZ 
245 1 0 |a Globalisation - challenges, rewards, question  |c Vladimír Jeníček 
520 |a Pozitíva a problémy globalizácie. Globalizácia prispieva k rastu vzájomnej prepojenosti národných ekonomík a ekonomických činností v oblasti obchodu, investícií a financií. Globalizácia je hnacou silou ekonomického rastu, podporuje rozvoj nových technológií a rast životnej úrovne v chudobných aj v bohatých krajinách, ale zároveň poškodzuje národnú zvrchovanosť a je hrozbou hospodárskej a sociálnej nestability. 
610 2 0 |a globalizácia 
610 2 0 |a globalizácia hospodárstva 
610 2 0 |a liberalizácia 
610 2 0 |a rast hospodársky 
610 2 0 |a zmeny technologické 
610 2 0 |a poľnohospodárstvo 
100 1 |a Jeníček, Vladimír